• 首页
  • 本馆介绍
  • 公告通知
  • 最新文献
  • 馆藏检索
  • 电子资源
  • 读者导购
  • 参考咨询
  • 我的图书馆
  • 登录
  • 详细信息显示
  • 放入我的书架
  • 预约/预借图书
  • 作者相关作品
  • 分类相关作品
  • 丛书相关作品
  • 出版社相关作品

书目信息

  • 表格格式
  • 工作单格式
  • 卡片格式
题名:
西湖梦寻评注
    
 
作者: 俞琼颖 评注
分册:  
出版信息: 上海   上海三联书店  2018
页数: 274页
开本: 21cm
丛书名: 国学经典
单 册:
中图分类: I264.8 , I264.8
科图分类:
主题词: 小品文--xiao pin wen--中国--明代--作品集
电子资源:
ISBN: 978-7-5426-6372-6
000 01182nam 2200289 450
001 012001006335
005 20191023143758.15
010    @a978-7-5426-6372-6@dCNY26.00
099    @aCAL 012018133839
100    @a20180828d2018 em y0chiy50 ea
101 0  @achi
102    @aCN@b310000
105    @ay z 000cy
106    @ar
200 1  @a西湖梦寻评注@Axi hu meng xun ping zhu@f俞琼颖评注
205    @a第2版
210    @a上海@c上海三联书店@d2018
215    @a274页@d21cm
225 2  @a国学经典@Aguo xue jing dian
330    @a本书是一部风格清新的小品散文, 作者系明末清初著名散文家张岱。全书共五卷, 通过追记往日西湖之胜, 以寄亡明遗老故国哀思。全书对杭州一带重要的山水景色、佛教寺院、先贤祭祠等进行了全方位的描述, 按照总记、北路、西路、中路、南路、外景的空间顺序依次写来, 把杭州的古与今展现在读者面前。尤为重要的是, 作者在每则记事之后选录先贤时人的诗文若干首 (篇), 更使山水增辉。这些诗文集中起来, 就是一部西湖诗文选。
410  0 @12001 @a国学经典
606 0  @a小品文@Axiao pin wen@y中国@z明代@j作品集
690    @aI264.8@v4
690    @aI264.8@v5
701  0 @a俞琼颖@Ayu qiong ying@4评注
801  0 @aCN@b上海新华@c20191020
905    @b1131422-5@dI264.8@e3427=2@f4
    
    西湖梦寻评注/俞琼颖评注.-第2版.-上海:上海三联书店,2018
    274页;21cm.-(国学经典)
    
    
    ISBN 978-7-5426-6372-6:CNY26.00
    本书是一部风格清新的小品散文, 作者系明末清初著名散文家张岱。全书共五卷, 通过追记往日西湖之胜, 以寄亡明遗老故国哀思。全书对杭州一带重要的山水景色、佛教寺院、先贤祭祠等进行了全方位的描述, 按照总记、北路、西路、中路、南路、外景的空间顺序依次写来, 把杭州的古与今展现在读者面前。尤为重要的是, 作者在每则记事之后选录先贤时人的诗文若干首 (篇), 更使山水增辉。这些诗文集中起来, 就是一部西湖诗文选。
●
相关链接 在E读中查询图书 在五车中查询图书 在当当中查询图书 在豆瓣中查询图书


正题名:西湖梦寻评注     索取号:I264.8/3427=2         预约/预借

序号 登录号 条形码 馆藏地/架位号 状态 备注
1 1131422   211314228   第一样本阅览室/ [索取号:I264.8/3427=2] 在馆    
2 1131423   211314237   第二借阅区/ [索取号:I264.8/3427=2] 在馆    
3 1131424   211314246   第二借阅区/ [索取号:I264.8/3427=2] 在馆    
4 1131425   211314255   第二借阅区/ [索取号:I264.8/3427=2] 在馆    
唐山师范学院图书馆 欢迎您!
大连网信软件有限公司© 版权所有